Score 0/48 Timer 07:00
0 Plays Today
State Shortest Shared State Border % Correct
Florida???
64.7%
Washington???
61.4%
Connecticut???
60.8%
Maine???
60.1%
Vermont???
56.2%
New Hampshire???
53.6%
Rhode Island???
52.9%
Louisiana???
50.3%
New Jersey???
49%
Texas???
49%
South Carolina???
48.4%
Indiana???
47.1%
Pennsylvania???
47.1%
Mississippi???
45.1%
Arizona???
44.4%
Maryland???
43.1%
Montana???
43.1%
New Mexico???
42.5%
Ohio???
41.2%
Colorado???
40.5%
Illinois???
39.2%
Michigan???
39.2%
Oklahoma???
39.2%
Kentucky???
38.6%
State Shortest Shared State Border % Correct
California???
37.9%
Kansas???
37.9%
Wisconsin???
37.9%
Idaho???
35.3%
Utah???
35.3%
North Dakota???
34.6%
Minnesota???
34%
Tennessee???
33.3%
New York???
32.7%
Iowa???
32%
North Carolina???
32%
Delaware???
31.4%
Oregon???
31.4%
Nebraska???
30.7%
Wyoming???
30.7%
Alabama???
30.1%
Arkansas???
28.1%
Nevada???
28.1%
Georgia???
26.8%
Virginia???
26.8%
Massachusetts???
26.1%
West Virginia???
20.3%
South Dakota???
18.3%
Missouri???
13.7%
Remove Ads.
Support Sporcle.
Get the best of Sporcle when you Go Orange. This ad-free experience offers more features, more stats, and more fun while also helping to support Sporcle. Thank you for becoming a member.

You're not logged in!

Compare scores with friends on all Sporcle quizzes.
OR
Log In

Show Comments

Extras

Top Quizzes Today


Score Distribution

Your Account Isn't Verified!

In order to create a playlist on Sporcle, you need to verify the email address you used during registration. Go to your Sporcle Settings to finish the process.

Report this User

Report this user for behavior that violates our Community Guidelines.

Details: